Smart move (Record no. 79271)
[ view plain ]
| 000 -LEADER | |
|---|---|
| fixed length control field | 01047cab a22002055a 4500 |
| 001 - CONTROL NUMBER | |
| control field | L140438 |
| 008 - FIXED-LENGTH DATA ELEMENTS--GENERAL INFORMATION | |
| fixed length control field | 070924s2007 xxka f 000 0 eng d |
| 035 ## - SYSTEM CONTROL NUMBER | |
| System control number | (Sirsi) u140438 |
| 041 0# - LANGUAGE CODE | |
| Language code of text/sound track or separate title | eng |
| 100 1# - MAIN ENTRY--PERSONAL NAME | |
| Personal name | Morbitzer, Christoph |
| 245 00 - TITLE STATEMENT | |
| Title | Smart move |
| 260 ## - PUBLICATION, DISTRIBUTION, ETC. | |
| Date of publication, distribution, etc. | 2007 |
| 490 #0 - SERIES STATEMENT | |
| Series statement | Building Services Journal |
| Volume/sequential designation | 29(9) September 2007, 43-44(2) |
| 520 ## - SUMMARY, ETC. | |
| Summary, etc. | Reviews the international construction industry initiative, buildingSMART. BuildingSMART allows interoperability by connecting and enabling data exchange between different software applications, and is based on the international open standard, Industry Foundation Classes. A key benefit of buildingSMART is that it allows all members from a project team to work from the same building data model. Looks at buildingSMART's other benefits and highlights barriers that need to be overcome before it can become a commonplace tool. |
| 590 ## - LOCAL NOTE (RLIN) | |
| Local note | KA |
| 651 #4 - SUBJECT ADDED ENTRY--GEOGRAPHIC NAME | |
| Geographic name | International |
| 690 ## - LOCAL SUBJECT ADDED ENTRY--TOPICAL TERM (OCLC, RLIN) | |
| Topical term or geographic name as entry element | BUILT ENVIRONMENT-CONSTRUCTION DESIGN |
| 690 ## - LOCAL SUBJECT ADDED ENTRY--TOPICAL TERM (OCLC, RLIN) | |
| Topical term or geographic name as entry element | Project management |
| 9 (RLIN) | 6261 |
| 942 ## - ADDED ENTRY ELEMENTS (KOHA) | |
| Suppress in OPAC | 0 |
| Withdrawn status | Lost status | Source of classification or shelving scheme | Damaged status | Not for loan | Home library | Current library | Shelving location | Date acquired | Total Checkouts | Full call number | Barcode | Date last seen | Copy number | Price effective from | Koha item type |
|---|---|---|---|---|---|---|---|---|---|---|---|---|---|---|---|
| Dewey Decimal Classification | London | London | Journal article | 24/09/2007 | L140438 | 140438-1001 | 06/08/2019 | 1 | 06/08/2019 | Journal article |